| 000 | 01263nam a2200277 a 4500 | ||
|---|---|---|---|
| 001 | BRCA_5942 | ||
| 005 | 20190320205254.0 | ||
| 008 | 240311s1821----fr-######f---#000-0#spa-# | ||
| 041 | _aspa | ||
| 044 | _afr | ||
| 050 | 4 |
_aBX1735 _b.E95 _c1821 |
|
| 245 | 1 | 0 |
_aManual de Inquisidores para uso de las Inquisiciones de España y Portugal, o compendio de la obra titulada directorio de inquisidores. _cde Nicolao Eymerico, Inquisidor General de Aragón; tr. del frances por J.Marchena; con adiciones acerca de la inquisición de la España. |
| 260 |
_aMompeller, Francia _bFeliz Aviñon _c1821 |
||
| 300 |
_aviii, 152 p. _c16 cm. |
||
| 500 | _aContiene adiciones del traductor acerca de la jurisprudencia de los tribunales de inquisición de España, prólogo del autor, sumario y tabla de materias. | ||
| 500 | _aFondo antiguo | ||
| 500 | _aSe encuentra en Caja Fuerte | ||
| 500 | _aH-172 | ||
| 500 | _aNota de encuadernación: pastas de cartón grueso y lomo decorado | ||
| 506 | 0 | _aFondo reservado: para su consulta es necesario credencial de usuario y carta de motivos | |
| 650 | 1 | 4 |
_aInquisición _zEspaña _915007 |
| 650 | 1 | 4 |
_aInquisición _zPortugal. _915008 |
| 700 | 1 |
_aMarchena, J. _lFrancés _pTraductor. _915009 |
|
| 902 | _aLAR | ||
| 942 |
_2lcc _cB |
||
| 999 |
_c5631 _d5631 |
||